| 000 | 00513nam a2200145Ia 4500 | ||
|---|---|---|---|
| 008 | 231221s9999 xx 000 0 und d | ||
| 020 | _a978-1-4614-8517-9 | ||
| 041 | _aEnglish | ||
| 100 | _aJoseph C. Doll, Beth L. Pruitt | ||
| 245 | 0 | _aPiezoresistor Design and Applications | |
| 260 |
_c2013 _bHumana Press _aNew York |
||
| 440 | _aMicrosystems and Nanosystems | ||
| 650 | _aElectronics and Microelectronics, Instrumentation; Optical and Electronic Materials; Theoretical and Applied Mechanics | ||
| 942 | _cEB | ||
| 999 |
_c227130 _d227130 |
||